000
00345nam a2200133Ia 4500
003
GCL
008
140319s9999 xx 000 0 ara d
040
_a
GCL /
_c
GCL
082
0
4
_a
189
_b
ح ج
245
1
0
_a
الجدل فى القران
260
_a
[S.N] :
_b
مكتبه النهضه المصريه ،
_c
1986
300
_a
150
490
_a
كتب
_v
0
999
_c
32244
_d
32244